Marine bio-acustics
Guardat en:
| Autor principal: | |
|---|---|
| Format: | Llibre |
| Idioma: | anglès |
| Publicat: |
New York, USA
The Macmillan Company
1964
|
| Matèries: | |
| Etiquetes: |
Afegir etiqueta
Sense etiquetes, Sigues el primer a etiquetar aquest registre!
|
MARC
| LEADER | 00000nam a2200000 a 4500 | ||
|---|---|---|---|
| 001 | UCR5660 | ||
| 003 | CL-VaPUC | ||
| 005 | 20230608074349.0 | ||
| 008 | 980403e19640000us 1 eng d | ||
| 999 | |c 383135 |d 383133 | ||
| 040 | |c Pontificia Universidad Católica de Valparaíso | ||
| 082 | 0 | 4 | |a 547.92 TAV 1964 |2 21 |
| 100 | 1 | |a Tavolga, William N |9 618856 | |
| 245 | 1 | 0 | |a Marine bio-acustics |
| 260 | |a New York, USA |b The Macmillan Company |c 1964 | ||
| 300 | |a 413 páginas | ||
| 518 | |p Marin Bio-acustics, Bimini, 11 al 13 de abril de 1963 | ||
| 546 | |a En Inglés | ||
| 583 | |a last modification |c 19980403 00:00:00 |k Rodrigo Vera | ||
| 650 | 0 | 0 | |a Biología marina |9 259965 |
| 650 | 0 | 7 | |a HIDROBIOLOGIA |2 CL-VaPUC |9 345756 |
| 650 | 0 | 0 | |a Ecosistemas marinos |9 343701 |
| 650 | 0 | 0 | |a Oceanografía |9 260014 |
| 650 | 0 | 0 | |a Instrumentos de medición |9 266021 |
| 650 | 0 | 0 | |a Sonido |9 261796 |
| 942 | |c BK |2 ddc | ||
| 945 | |a crobeson |d 19980403 00:00:00 | ||
| 952 | |0 0 |1 0 |2 ddc |4 0 |6 547_920000000000000_TAV_1964 |7 0 |8 P |9 505160 |a BIBCUR |b BIBCUR |c PAC |d 2020-01-23 |i 1977105 |o 547.92 TAV 1964 |p 1977105 |r 2025-04-22 |t 1 |w 2020-01-23 |y BK |k CIM | ||